000 01881nam0a22003371 4500
001 v19\rc\1411492
005 20250618104407.0
035 _a(NLR Aleph) 004539972
090 _a1992015
_c1992015
100 _a20060512e18791879|||y0rusy50 ca
101 0 _arus
102 _aRU
105 _ay z |||||
200 1 _aО славянских редакциях одного аполога Варлаама и Иоасафа
_f[Соч.] Акад. А.Н. Веселовского
210 _a[Санкт-Петербург]
_cтип. Имп. Акад. наук
_d1879
215 _a8 с.
_d23
300 _aНа 8 с.: Напеч. по распоряжению Имп. Акад. наук. Спб., февр. 1879 г.
309 _aБез тит. л. и обл.
311 _aОтт. из 1) "Сб. Отд-ния рус. яз. и словесности Имп. Акад. наук". Т. 20. № 3. 1879, февр., 2) "Зап. Имп. Акад. наук". Т. 34, кн. 2. 1879, сент."
488 0 _12001#$aСборник Отделения русского языка и словесности Императорской Академии наук$v1879, т. 20, № 3, февр.
_tСборник Отделения русского языка и словесности Императорской Академии наук
488 0 _12001#$aЗаписки Императорской Академии наук$v1879, т. 34, кн. 2, сент.
_tЗаписки Императорской Академии наук
700 1 _aВеселовский
_bА.Н.
_f1838-1906
_gАлександр Николаевич
801 0 _aRU
_bNLR
_gpsbo
801 0 _aRU
_bRuMoRGB
_2psbo
801 1 _aRU
_bProSoft-M
_2rusmarc
852 _aNLR
_j18.100.2.506
899 _aRuMoRGB
_jA 134/179
899 _aRuMoRGB
_jR 3/280
899 _aRuMoRGB
_jU 272/745
942 _cBOOK
980 _aNB